000 01235 a2200217 4500
001 136
005 20260407155413.0
008 260407a2007 arg spa d
003 AR-UNSa-BCEJYS
040 _aAR-UNSa-BCEJYS
_bspa
_cAR-UNSa-BCEJYS
080 _a658.3
_xPersonal. Relaciones humanas en la empresa (Recursos Humanos)
245 1 0 _aAdministración de recursos humanos
020 _a978-970-26-0850-9
250 _a2a. ed.
264 1 _aMéxico :
_bPearson Educación
_c2007
300 _axviii, 445 p.
_c27 cm
505 _a1. Las personas - 2. la organización - 3. las personas y la organización - 4. Organización de recursos humanos - 5. Comportamieto organizacional - 6. Calida de vida, diversidad y violencia - 7. Los grupos - 8. Comunicación - 9. La cultura - 10. El management - 11. Liderazgo - 12. Motivación - 13. El cambio - 14. Gestión internacional - 15. Las relaciones laborales - 16. La salud - 17. Descripción de tareas - 18. Selección y empleo - 19. Evaluación de tareas - 20. Administración de remuneraciones - 21. Desarrollo de recursos humanos parte 1ra. - 22. Desarrollo de recursos humanos parte 2da.
942 _cBK
590 _aniveau_biblio:m niveau_hierar:0
100 1 _aMaristany, Jaime
999 _c105
_d105